Ibong Adarna (Record no. 292306)
[ view plain ]
| 000 -LEADER | |
|---|---|
| fixed length control field | 00255nam a2200109Ia 4500 |
| 008 - FIXED-LENGTH DATA ELEMENTS--GENERAL INFORMATION | |
| fixed length control field | 160319s9999 xx 000 0 und d |
| 050 ## - LIBRARY OF CONGRESS CALL NUMBER | |
| Item number | M357i 2001 |
| 245 ## - TITLE STATEMENT | |
| Title | Ibong Adarna |
| 260 ## - PUBLICATION, DISTRIBUTION, ETC. (IMPRINT) | |
| Name of publisher, distributor, etc | J.C Palabay Enterprises |
| 260 ## - PUBLICATION, DISTRIBUTION, ETC. (IMPRINT) | |
| Date of publication, distribution, etc | 2001 |
| 300 ## - PHYSICAL DESCRIPTION | |
| Extent | 232 pages : |
No items available.